| 000 | 02441nab a2200265 a 4500 | ||
|---|---|---|---|
| 005 | 20240910064238.0 | ||
| 008 | 230308c2022 mx|tr|p|o|||| 00| 0 spa d | ||
| 040 |
_aMX-MxUPN _bspa _cMX-MxUPN _eaacr2 |
||
| 100 | 1 |
_aGalán Jiménez, Jaime Sebastián F. _948130 |
|
| 100 | 1 |
_aCalderón Mafud, José Luis _948131 |
|
| 100 | 1 |
_aSánchez-Armáss Cappello, Omar _948132 |
|
| 100 | 1 |
_aGuzmán Sescosse, Mario _948133 |
|
| 245 | 1 |
_aExposición y desensibilización a la violencia en jóvenes mexicanos en distintos contextos sociales _h[recurso electrónico en línea] |
|
| 506 | 0 | _aAcceso abierto | |
| 520 | _aEl objetivo fue conocer la exposición y desensibilización a la violencia en jóvenes de cinco contextos en distintas instituciones educativas y de readaptación social de la ciudad de San Luis Potosí. Método: se realizó un estudio analítico transversal comparativo de 25 instituciones de educación media superior, ubicados en Zonas Rurales (ZR), en Polígonos de Violencia (PV), Cercanas a Polígonos de Violencia (CPV), en Zonas Alejadas de los Polígonos de Violencia (ZAPV), y en un Centro de Internamiento Juvenil (CIJ) con un total de 1720 participantes; 851 (49.5 %) hombres y 869 (50.5%) mujeres. Resultados: Se encontraron medias significativamente más altas en desensibilización a la violencia en participantes del CIJ, seguidos por participantes de las ZAPV, y al final el ZR. Referente a la exposición a la violencia fue mayor en aquellos provenientes de las ZAPV después en jóvenes del CIJ y finalmente los de ZR. Conclusiones: La desensibilización a la violencia se presenta como consecuencia a la exposición de la violencia y las conductas que atentan contra la seguridad social. Finalmente, se encontró que las actividades artísticas y los padres unidos funcionan como factores de protección contra la desensibilización a la violencia. | ||
| 650 | 2 |
_95660 _aJóvenes |
|
| 650 | 0 |
_aArte _92457 |
|
| 650 | 4 |
_916308 _aAprendizaje social |
|
| 653 | _aViolencia estructural | ||
| 653 | _aDesensibilización a la violencia | ||
| 773 | 0 |
_dMéxico : Universidad Nacional Autónoma de México, Facultad de Psicología, División de Investigación y Posgrado, 2011- _tActa de investigación psicológica _x2007-4719 _gVol. 12, no. 3 (2022), p. 5-18 |
|
| 856 | 4 | 0 | _uhttps://www.revista-psicologia.unam.mx/revista_aip/index.php/aip/article/view/458/464 |
| 902 | _aGloria Jiménez/080323 | ||
| 942 | _cART-E | ||
| 999 |
_c209284 _d209284 |
||